00671 2200241 4500001002100000005001500021035002000036007000300056008004100059020002200100082001100122084001700133100002400150245008100174250001000255260003800265300003600303650003300339700000900372520002600381990001100407990001100418INLIS00000000000459620191212025735 a0010-1219000048ta191212 g 0 ind  a978-602-71535-3-0 a372.01 a372.01 PUT r0 aPUTRI, Hari Wardani1 aRumus dan Meteri SD/MI Super Lengkap /cPutri Hari Wardani; penyunting, Qoni acet.1 aYogyakarta :bIstana Media,c2017 avii, 475 hlm. :bilus. ;c20 cm 4aPENDIDIKAN. PENDIDIKAN DASAR0 aQONI aBibliografi: hlm. 475 a7278 a a7278 b